000 00648nam a2200205Ii 4500
003 JO-AjNU
008 230605s9999||||xx |||||||||||||| ||und||
040 _aJO-AjNU
_bara
_erda
_cJO-AjNU
041 _aara
050 1 4 _aDS36.5.B4772 1981
100 3 _aالبيطار، نديم,
_eauthor
_935699
245 0 0 _aحدود الإقليمية الجديدة
250 _aط1
264 3 1 _aبيروت: معهد الانماء العربي، 1981
300 _a213ص
336 _atext
_btxt
_2rdacontent
337 _aunmediated
_bn
_2rdamedia
338 _avolume
_bnc
_2rdacarrier
650 4 _aوحدة عربية، قومية عربية
_935700
999 _aA14763
_c18331
_d18331